Pole Position F1 2023 - Statistiques

Statistiques générales
  • Ce quiz a été pris 221 fois
  • Le résultat moyen est 22 sur 22
Statistiques - réponses
Hint Réponse % Correct
Bakou Charles Leclerc
99%
Austin Charles Leclerc
99%
Mexique Charles Leclerc
99%
Las Vegas Charles Leclerc
99%
Bahrain Max Verstappen
99%
Melbourne Max Verstappen
99%
Monaco Max Verstappen
99%
Espagne Max Verstappen
99%
Canada Max Verstappen
99%
Autriche Max Verstappen
99%
Grande-Bretagne Max Verstappen
99%
Belgique Max Verstappen
99%
Pays-Bas Max Verstappen
99%
Japon Max Verstappen
99%
Qatar Max Verstappen
99%
Brésil Max Verstappen
99%
Abou Dabi Max Verstappen
99%
Hongrie Lewis Hamilton
97%
Italie Carlos Sainz
95%
Singapour Carlos Sainz
95%
Jeddah Sergio Perez
94%
Miami Sergio Perez
94%
Aucun quiz correspondant
Distribution des résultats
% des personnes avec chaque résultat
Percentile par nombre de réponses
Votre historique - résultats
Vous n’avez pas pris ce quiz